| 000 | 00770nam a2200217 a 4500 | ||
|---|---|---|---|
| 003 | 0 | ||
| 005 | 20250303133013.0 | ||
| 008 | 120723s19uu xx 00 eng d | ||
| 050 |
_aPGS LB 1060.L43 _b.T617 2012 |
||
| 100 | _aTitco, Avygayle I. | ||
| 245 |
_aLearning style and academic performance / _cAvygayle I. Titco. |
||
| 260 |
_aLas PiƱas City, Philippines : _bSouthville International School and Colleges, _c2012. |
||
| 300 |
_a28 pages : _billustrations ; _c28 cm. |
||
| 504 | _aIncludes bibliographical references. | ||
| 650 | _aLearning styles. | ||
| 650 |
_aAcademic achievement _vInfluences. |
||
| 650 |
_aEducation _vIndividualized instruction. |
||
| 650 |
_aStudents _vStudy skills. |
||
| 650 | _aCognitive styles in children. | ||
| 942 |
_2lcc _cPASS |
||
| 999 |
_c98791 _d98791 |
||